Fr. Conceicao Rodrigues College of Engineering

Distributed Computing (Record no. 35454)

MARC details
000 -LEADER
fixed length control field 00297nam a2200145Ia 4500
082 ## - DEWEY DECIMAL CLASSIFICATION NUMBER
Item number MAH
100 ## - MAIN ENTRY--PERSONAL NAME
Personal name Mahajan/Sunita/ Shah/Seema
245 ## - TITLE STATEMENT
Title Distributed Computing
260 ## - PUBLICATION, DISTRIBUTION, ETC.
Name of publisher, distributor, etc. Oxford
Date of publication, distribution, etc. 2010
366 ## - TRADE AVAILABILITY INFORMATION
Publishers's discount category 20
300 ## - PHYSICAL DESCRIPTION
Extent 598
546 ## - LANGUAGE NOTE
Language note ENGLISH
-- Computers
942 ## - ADDED ENTRY ELEMENTS (KOHA)
Koha item type BOOK
Holdings
Withdrawn status Lost status Damaged status Not for loan Collection Home library Current library Date acquired Source of acquisition Cost, normal purchase price Inventory number Total Checkouts Full call number Barcode Date last seen Cost, replacement price Price effective from Koha item type
        CRC Fr. Agnel's C.Rodrigues College of Engineering Fr. Agnel's C.Rodrigues College of Engineering 17/03/2023 Book Service Syndicate 280.00 519 dt 28/03/2012   MAH 21893 14/02/2024 350.00   BOOK